An introduction to stochastic modeling
Αποθηκεύτηκε σε:
| Κύριος συγγραφέας: | |
|---|---|
| Άλλοι συγγραφείς: | |
| Μορφή: | Βιβλίο |
| Γλώσσα: | English |
| Δημοσίευση: |
San Diego, Calif. :
Academic Press,
c1998
|
| Έκδοση: | 3rd ed. |
| Θέματα: | |
| Ετικέτες: |
Προσθήκη ετικέτας
Δεν υπάρχουν, Καταχωρήστε ετικέτα πρώτοι!
|
MARC
| LEADER | 00000nam a2200000 i 4500 | ||
|---|---|---|---|
| 001 | 1/3762 | ||
| 008 | 000523s1998 eng d | ||
| 020 | |a 0-12-684887-4 | ||
| 035 | |l 10060913 | ||
| 040 | |a GR-MY-UA |b gre |e aacr | ||
| 041 | 0 | |a eng | |
| 082 | 0 | |a 003.76 |2 (21) | |
| 100 | 1 | |a Taylor, Howard M. | |
| 245 | 1 | 3 | |a An introduction to stochastic modeling / |c Howrard M. Taylor, Samuel Karlin |
| 250 | |a 3rd ed. | ||
| 260 | |a San Diego, Calif. : |b Academic Press, |c c1998 | ||
| 300 | |a xi, 631 p.; |b ill.; |c 24 cm. | ||
| 504 | |a Includes bibliographical references and index | ||
| 650 | 0 | 0 | |a Stochastic processes. |
| 700 | 1 | |a Karlin, Samuel |d 1923- | |
| 852 | |a INST |b SAMOS |e 20000523 |h 003.76 TAY |p 005300017256 |q 005300017256 |t BK |y 0 | ||
| 852 | |a INST |b SAMOS |e 20000523 |h 003.76 TAY |p 005300017257 |q 005300017257 |t BK |y 0 | ||
| 852 | |a INST |b SAMOS |e 20000523 |h 003.76 TAY |p 005300017258 |q 005300017258 |t BK |y 0 | ||
| 852 | |a INST |b SAMOS |e 20000523 |h 003.76 TAY |p 005300017259 |q 005300017259 |t BK |y 0 | ||
| 852 | |a INST |b SAMOS |e 20000523 |h 003.76 TAY |p 005300017260 |q 005300017260 |t BK |y 0 | ||
| 852 | |a INST |b SAMOS |e 20000523 |h 003.76 TAY |p 005300017261 |q 005300017261 |t BK |y 0 | ||
| 852 | |a INST |b SAMOS |e 20000523 |h 003.76 TAY |p 005300017262 |q 005300017262 |t BK |y 0 | ||
| 852 | |a INST |b SAMOS |e 20000523 |h 003.76 TAY |p 005300017263 |q 005300017263 |t BK |y 0 | ||
| 852 | |a INST |b SAMOS |e 20000523 |h 003.76 TAY |p 005300017264 |q 005300017264 |t BK |y 0 | ||
| 852 | |a INST |b SAMOS |e 20000523 |h 003.76 TAY |p 005300017265 |q 005300017265 |t BK |y 23 | ||
| 852 | |a INST |b SAMOS |e 20010405 |h 003.76 TAY |p 005300021427 |q 005300021427 |t BK |y 0 | ||
| 852 | |a INST |b SAMOS |e 20010405 |h 003.76 TAY |p 005300021428 |q 005300021428 |t BK |y 0 | ||
| 852 | |a INST |b SAMOS |e 20001220 |h 003.76 TAY |p 005300022464 |q 005300022464 |t BK |y 0 | ||
| 852 | |a INST |b SAMOS |e 20001220 |h 003.76 TAY |p 005300022465 |q 005300022465 |t BK |y 0 | ||
| 852 | |a INST |b SYROS |e 20010405 |h 003.76 TAY |p 005500000329 |q 005500000329 |t BK |y 0 | ||
| 901 | |a BIBL3-2001-1 | ||
| 901 | |a BIBL3-2000-2 | ||
| 901 | |a BIBL3-2000-3 | ||
| 909 | |a Ε |b 086018 | ||
| 909 | |a Σ |b 086016 | ||
| 909 | |a Σ |b 086017 | ||
| 909 | |a Σ |b 075460 | ||
| 909 | |a Σ |b 081504 | ||
| 909 | |a Σ |b 081505 | ||
| 909 | |a Σ |b 075461 | ||
| 909 | |a Σ |b 075462 | ||
| 909 | |a Σ |b 075463 | ||
| 909 | |a Σ |b 075464 | ||
| 909 | |a Σ |b 075465 | ||
| 909 | |a Σ |b 075466 | ||
| 909 | |a Σ |b 075567 | ||
| 909 | |a Σ |b 075468 | ||
| 909 | |a Σ |b 075469 | ||
| 922 | |a 3ΕΛΗ |b 20000831 |c ΤΣΑΕ |d ΠΑΠΑΣΩΤΗΡΙΟΥ | ||
| 922 | |a 3ΕΛΗ |b 200002 |c ΤΠΕΣ/ΠΟΛ |d LEADER | ||
| 922 | |a 5ΕΛΗ |b 200002 |c ΤΠΕΣ/ΠΟΛ |d LEADER | ||
| 922 | |a 3ΕΛΗ |b 200010 |c ΤΣΑΕ |d ΠΑΠΑΣΩΤΗΡΙΟΥ | ||
| 970 | |z 2001/04/04 | ||
| 970 | |a ΠΟΥΡΝΑΡΑΣ |b ΔΗΜΗΤΡΗΣ |z 2000/05/23 | ||